Fundamentals of dimensional metrology / (Record no. 10174)

MARC details
000 -LEADER
fixed length control field 00987nam a22003131i 4500
003 - CONTROL NUMBER IDENTIFIER
control field EG-ScBUE
005 - DATE AND TIME OF LATEST TRANSACTION
control field 20250527092750.0
008 - FIXED-LENGTH DATA ELEMENTS--GENERAL INFORMATION
fixed length control field 141216t2006 nyua f bd 001 0 eng d
020 ## - INTERNATIONAL STANDARD BOOK NUMBER
International Standard Book Number 1418020621
020 ## - INTERNATIONAL STANDARD BOOK NUMBER
International Standard Book Number 9781418020620
040 ## - CATALOGING SOURCE
Original cataloging agency EG-ScBUE
Language of cataloging eng
Description conventions rda
Transcribing agency EG-ScBUE
Modifying agency EG-ScBUE
082 04 - DEWEY DECIMAL CLASSIFICATION NUMBER
Classification number 530.8
Item number DOT
Edition number 22
100 1# - MAIN ENTRY--PERSONAL NAME
Personal name Dotson, Connie L.,
9 (RLIN) 36941
Relator term author.
245 10 - TITLE STATEMENT
Title Fundamentals of dimensional metrology /
Statement of responsibility, etc Connie Dotson.
250 ## - EDITION STATEMENT
Edition statement Fifth edition.
264 #1 - PUBLICATION, DISTRIBUTION, ETC. (IMPRINT)
Place of publication, distribution, etc New York :
Name of publisher, distributor, etc Thomson Delmar Learning,
Date of publication, distribution, etc [2006]
264 #4 - PUBLICATION, DISTRIBUTION, ETC. (IMPRINT)
Date of publication, distribution, etc c2006
300 ## - PHYSICAL DESCRIPTION
Extent xi, 638 pages :
Other physical details illustrations ;
Dimensions 24 cm
336 ## - CONTENT TYPE
Source rdacontent
Content type term text
Content type code txt
337 ## - MEDIA TYPE
Media type term unmediated
Source rdamedia
Media type code n
338 ## - CARRIER TYPE
Carrier type term volume
Carrier type code nc
Source rdacarrier
500 ## - GENERAL NOTE
General note Includes appendixes.
500 ## - GENERAL NOTE
General note Includes glossary.<br/>
504 ## - BIBLIOGRAPHY, ETC. NOTE
Bibliography, etc Includes bibliographical references and index.<br/>
650 #7 - SUBJECT ADDED ENTRY--TOPICAL TERM
Topical term or geographic name as entry element Measurement.
Source of heading or term BUEsh
650 #7 - SUBJECT ADDED ENTRY--TOPICAL TERM
Topical term or geographic name as entry element Measuring instruments.
Source of heading or term BUEsh
655 ## - INDEX TERM--GENRE/FORM
Form subdivision Reading book
942 ## - ADDED ENTRY ELEMENTS (KOHA)
Source of classification or shelving scheme Dewey Decimal Classification
Koha item type Book - Borrowing
Holdings
Withdrawn status Lost status Source of classification or shelving scheme Damaged status Not for loan Home library Current library Shelving location Date acquired Source of acquisition Cost, normal purchase price Total Checkouts Full call number Barcode Date last seen Cost, replacement price Koha item type Price effective from Collection code
    Dewey Decimal Classification     Central Library Central Library First floor 14/09/2008 Purchase 220.00 2 530.8 DOT 000006208 15/07/2025 275.00 Book - Borrowing    
    Dewey Decimal Classification     Central Library Central Library First floor 14/09/2008 Purchase 220.00   530.8 DOT 000013781 15/07/2025 275.00 Book - Borrowing 14/09/2008  
    Dewey Decimal Classification     Central Library Central Library First floor 14/09/2008 Purchase 220.00   530.8 DOT 000013782 15/07/2025 275.00 NB - Book (Non borrowing) 14/09/2008  
    Dewey Decimal Classification     Central Library Central Library First floor 21/01/2009   220.00   530.8 DOT 000006332 15/07/2025 275.00 Book - Borrowing 21/01/2009 Alahram
    Dewey Decimal Classification     Central Library Central Library First floor 02/10/2012   220.00   530.8 DOT 000027564 15/07/2025 275.00 Book - Borrowing 02/10/2012 Baccah
    Dewey Decimal Classification     Central Library Central Library First floor 16/12/2014   260.00   530.8 DOT 000037189 15/07/2025 325.00 Book - Borrowing 16/12/2014 AUC
    Dewey Decimal Classification     Central Library Central Library First floor 16/12/2014   260.00   530.8 DOT 000037190 15/07/2025 325.00 Book - Borrowing 16/12/2014 Baccah